Women in the economy : (Record no. 1709)

MARC details
000 -LEADER
fixed length control field 006570000a22002050004500
003 - CONTROL NUMBER IDENTIFIER
control field LK-CoMWRAF
005 - DATE AND TIME OF LATEST TRANSACTION
control field 20231115131645.0
008 - FIXED-LENGTH DATA ELEMENTS--GENERAL INFORMATION
fixed length control field 230817t1991 ||||| |||| 00| 0 eng d
020 ## - INTERNATIONAL STANDARD BOOK NUMBER
International Standard Book Number 9679928284
040 ## - CATALOGING SOURCE
Original cataloging agency LK-CoMWRAF
Modifying agency LK-CoMWRAF
Description conventions LK-CoMWRAF
041 ## - LANGUAGE CODE
Language code of text/sound track or separate title English
082 ## - DEWEY DECIMAL CLASSIFICATION NUMBER
Classification number 016.3054
Item number WOM
942 ## - ADDED ENTRY ELEMENTS (KOHA)
Koha item type Reference
700 ## - ADDED ENTRY--PERSONAL NAME
Personal name Nayak-Mukherjee, Vanita
Relator Term compiler
245 ## - TITLE STATEMENT
Title Women in the economy :
Remainder of title a select annotated bibliography of Asia and Pacific
260 ## - PUBLICATION, DISTRIBUTION, ETC. (IMPRINT)
Place of publication, distribution, etc. Kuala Lumpur:
Name of publisher, distributor, etc. Asian and Pacific Development Centre,
Date of publication, distribution, etc. 1991
300 ## - PHYSICAL DESCRIPTION
Extent x, 156 p. ; 25 cm.
650 ## - SUBJECT ADDED ENTRY--TOPICAL TERM
Topical term or geographic name as entry element Women -- Asia -- Bibliography
650 ## - SUBJECT ADDED ENTRY--TOPICAL TERM
Topical term or geographic name as entry element Women -- Pacific area -- Bibliography
Holdings
Withdrawn status Lost status Damaged status Not for loan Permanent Location Current Location Date acquired Full call number Barcode Koha item type
        Resource center, Muslim Women's Research And Action Forum Resource center, Muslim Women's Research And Action Forum 2023-08-17 016.3054 WOM RAF3010 Books

Copyright © 2023 Muslim Women's Research and Action Forum (MWRAF), No 27/3, Anderson Road, Kalubowila, Dehiwela. Funded by The Asia Fundation